তুলনামূলক নির্বাচিত শাসনব্যবস্থা ও রাজনীতি/ (Record no. 7078)
[ view plain ]
| 000 -LEADER | |
|---|---|
| fixed length control field | 00861nam a22002177a 4500 |
| 003 - CONTROL NUMBER IDENTIFIER | |
| control field | BUBTL |
| 008 - FIXED-LENGTH DATA ELEMENTS--GENERAL INFORMATION | |
| fixed length control field | 230811b ||||| |||| 00| 0 eng d |
| 041 ## - LANGUAGE CODE | |
| Language code of text/sound track or separate title | Bangla |
| 082 ## - DEWEY DECIMAL CLASSIFICATION NUMBER | |
| Classification number | 320/ M7256f/ 2014 |
| 100 ## - MAIN ENTRY--PERSONAL NAME | |
| 9 (RLIN) | 5435 |
| Personal name | মহাপাত্র, ডঃ অনাদিকুমার |
| 245 ## - TITLE STATEMENT | |
| Title | তুলনামূলক নির্বাচিত শাসনব্যবস্থা ও রাজনীতি/ |
| Remainder of title | ডঃ অনাদিকুমার মহাপাত্র |
| 250 ## - EDITION STATEMENT | |
| Edition statement | 1st ed. |
| 260 ## - PUBLICATION, DISTRIBUTION, ETC. (IMPRINT) | |
| Place of publication, distribution, etc. | কলিকাতা |
| Name of publisher, distributor, etc. | সুহৃদ পাবলিকেশন |
| Date of publication, distribution, etc. | c2014 |
| 300 ## - PHYSICAL DESCRIPTION | |
| Extent | 188p. : |
| Other physical details | ill. ; 21 cm. |
| 526 ## - STUDY PROGRAM INFORMATION NOTE | |
| Program name | Law |
| 650 #0 - SUBJECT ADDED ENTRY--TOPICAL TERM | |
| Topical term or geographic name as entry element | Law |
| 700 ## - ADDED ENTRY--PERSONAL NAME | |
| 9 (RLIN) | 5436 |
| Personal name | ডঃ অনাদিকুমার মহাপাত্র |
| 856 ## - ELECTRONIC LOCATION AND ACCESS | |
| Password | 0 |
| Logon | 0 |
| Link text | Download |
| 942 ## - ADDED ENTRY ELEMENTS (KOHA) | |
| Source of classification or shelving scheme | |
| Koha item type | Books |
| Withdrawn status | Lost status | Source of classification or shelving scheme | Damaged status | Not for loan | Collection code | Permanent location | Current location | Shelving location | Date acquired | Source of acquisition | Inventory number | Total Checkouts | Full call number | Barcode | Date last seen | Date last checked out | Copy number | Price effective from | Koha item type |
|---|---|---|---|---|---|---|---|---|---|---|---|---|---|---|---|---|---|---|---|
| Non-fiction | Bangladesh University of Business and Technology Library | Bangladesh University of Business and Technology Library | Law Stacks | 07/23/2013 | Purchase | 16377 | 1 | 320/ M7256f/ 2014 | BUBTL-200316377 | 09/03/2023 | 08/29/2023 | C-1 | 08/11/2023 | Books | |||||
| Not For Loan | Non-fiction | Bangladesh University of Business and Technology Library | Bangladesh University of Business and Technology Library | Law Stacks | 07/23/2013 | Purchase | 16378 | 320/ M7256f/ 2014 | BUBTL-200316378 | 08/11/2023 | C-2 | 08/11/2023 | Books | ||||||
| Non-fiction | Bangladesh University of Business and Technology Library | Bangladesh University of Business and Technology Library | Law Stacks | 07/23/2013 | Purchase | 16379 | 320/ M7256f/ 2014 | BUBTL-200316379 | 08/11/2023 | C-3 | 08/11/2023 | Books | |||||||
| Non-fiction | Bangladesh University of Business and Technology Library | Bangladesh University of Business and Technology Library | Law Stacks | 07/23/2013 | Purchase | 16380 | 320/ M7256f/ 2014 | BUBTL-200316380 | 08/11/2023 | C-4 | 08/11/2023 | Books | |||||||
| Non-fiction | Bangladesh University of Business and Technology Library | Bangladesh University of Business and Technology Library | Law Stacks | 07/23/2013 | Purchase | 16381 | 1 | 320/ M7256f/ 2014 | BUBTL-200316381 | 09/11/2023 | 08/28/2023 | C-5 | 08/11/2023 | Books |
